• Alberione, Giacomo

di Personal Name

Records bibliografici associati: 1

001 - CONTROL NUMBER

  • control field: 64

003 - CONTROL NUMBER IDENTIFIER

  • control field: IT-RoPau

005 - DATE AND TIME OF LATEST TRANSACTION

  • control field: 20121217102209.0

008 - FIXED-LENGTH DATA ELEMENTS

  • fixed length control field: 121217|| aca||aabn | a|a d

040 ## - CATALOGING SOURCE

  • Original cataloging agency: IT-RoPau
  • Transcribing agency: IT-RoPau

100 ## - HEADING--PERSONAL NAME

  • Personal name: Alberione, Giacomo
  • Titles and other words associated with a name: ssp

670 ## - SOURCE DATA FOUND

  • Source citation: Work cat.: (IT-RoPau): Alberione, Giacomo ssp, Alle Pie Discepole del Divin Maestro 1963, 1987
CREDITS: SOCIETA' SAN PAOLO Via A.Severo, 58 - ROMA (RM) & PERIODICI SAN PAOLO SRL Via Giotto, 36 MILANO & CISF Via Giotto, 36 MILANO & EDIZIONI SAN PAOLO SRL,  Piazza Soncino, 5 CINISELLO BALSAMO (MI) -- ITALY